| 000 | 01293nac a22003131u 4500 | ||
|---|---|---|---|
| 010 | _a 98040324 | ||
| 020 | _a0070067864 | ||
| 082 | 0 | 0 |
_a332.6323 _bBAR |
| 090 |
_c6981 _d6981 |
||
| 100 | _aBarnhill, Theodore M. | ||
| 245 | 0 | 0 |
_aHigh yield bonds : _bmarket structure, portfolio management, and credit risk modeling / _cedited by Theodore M. Barnhill, William F. Maxwell, and Mark R. Shenkman. |
| 260 |
_aNew York : _bMcGraw-Hill,c1999. _cc1999. |
||
| 300 |
_axxxii, 574 p. : _bill. ; _c24 cm. |
||
| 440 | 0 | _a[Irwin library of investment & finance] | |
| 500 | _aSeries statement from jacket. | ||
| 500 | _aDistributer: Al-Ahram. | ||
| 504 | _aIncludes bibliographical references and index. | ||
| 511 | _aCatalogued By: Mahitab. | ||
| 650 | 0 | _aJunk bonds. | |
| 650 | 0 | _aPortfolio management. | |
| 650 | 0 | _aCredit. | |
| 700 | 1 | _aBarnhill, Theodore M. | |
| 700 | 1 |
_aMaxwell, William F., _d1965- |
|
| 700 | 1 | _aShenkman, Mark R. | |
| 856 | 4 | 2 |
_3Contributor biographical information _uhttp://www.loc.gov/catdir/bios/mh041/98040324.html |
| 856 | 4 | 2 |
_3Publisher description _uhttp://www.loc.gov/catdir/description/mh023/98040324.html |
| 856 | 4 | 2 |
_3Table of contents _uhttp://www.loc.gov/catdir/toc/mh022/98040324.html |
| 942 |
_cBB _k332.6323BAR |
||
| 999 |
_c6981 _d6981 |
||